Sports Quiz

Random Sports or Clickable Quiz
Score 0/24 Timer 03:00
3 Plays Today
% Correct
Boston Celtics
95.1%
Chicago Bears
93.1%
Baltimore Colts
92.6%
New York Giants
90.9%
Brooklyn Dodgers
90.1%
Detroit Tigers
89.1%
Chicago Black Hawks
88.8%
Cleveland Browns
88.7%
New York Rangers
87.5%
Minneapolis Lakers
86.2%
Pittsburgh Steelers
84.2%
Detroit Lions
83.8%
% Correct
St. Louis Cardinals
83.5%
Milwaukee Braves
83.4%
Toronto Maple Leafs
83.3%
Washington Senators
79.6%
Philadelphia Eagles
78.8%
Kansas City Athletics
77.4%
Baltimore Orioles
77%
Philadelphia Warriors
71.1%
Los Angeles Rams
64%
Chicago Cardinals
62.5%
Syracuse Nationals
60.9%
Rochester Royals
58.3%
Remove Ads.
Support Sporcle.
Get the best of Sporcle when you Go Orange. This ad-free experience offers more features, more stats, and more fun while also helping to support Sporcle. Thank you for becoming a member.

You're not logged in!

Compare scores with friends on all Sporcle quizzes.
OR
Log In

Show Comments

Extras

Top Quizzes Today


Score Distribution

Your Account Isn't Verified!

In order to create a playlist on Sporcle, you need to verify the email address you used during registration. Go to your Sporcle Settings to finish the process.

Report this User

Report this user for behavior that violates our Community Guidelines.

Details: